Регионална библиотека "Любен Каравелов" - Русе

Цанко Лавренов (Запис номер 388991)

MARC детайли
000 -Лидер
Контролно поле с фиксирана дължина nkm a22 a 4500
003 - Код на организацията, давaща контролен номер
Контролно поле BLK
005 - Дата и час на последна редакция
Контролно поле 20200928132056.0
008 - Елементи от данни с фиксирана дължина
fixed length control field 200928b bu ||||| |||| 00| 0 bu d
040 ## - Източник на каталожния запис
Идентификатор на билиотеката - собственик на записа BLK
041 ## - Код за език
Код за езика на текст/звукозапис или на отделно заглавие Руски
Код за езика КДБФ Руски
080 ## - УДК
Текстов определител УДК Живопис
УДК код - определител по УДК 75
УДК определител (092)
УДК - код + определител 75(092)
080 ## - УДК
Текстов определител УДК Български живописец, пейзажист (1896-1978)
УДК код - определител по УДК 929 Лавренов, Цанко Иванов
УДК - код + определител 929 Лавренов, Цанко Иванов
100 ## - Редна дума - Автор
Автор Цончева, Мара Василева
Авторска отговорност първи автор
R(LIN) 324666
139 ## - Редно поле
Редна дума Цончева, Мара Василева
245 10 - Сведения за заглавието
Заглавие Цанко Лавренов
Подзаглавни данни Жизнь и творчество
Редно поле (дума) Мара Цончева
257 ## - Страна на издаване
Страна на създаване/издаване България
260 ## - Област на издателските данни
Място на издаване, разпространение и проч. София
Име на издателя, разпространителя и проч. Болг. художник
Година на издаване 1958
9 (RLIN) 216706
300 ## - Физическа характеристика
Страници 85 с., 34 л.
Илюстрации и др. репрод.
Размери/Мащаб 25 см
380 ## - Жанр
Жанр Изкуство
500 ## - Общи забележки
Забележка 1 050 тир.
600 #0 - Име на лице, използвано като предмет
За него / За нея Лавренов, Цанко
9 (RLIN) 313911
653 #0 - Ключова дума – ненормативна
Ключова дума снимкови албуми
9 (RLIN) 401783
653 #7 - Ключова дума – ненормативна
Ключова дума живопис
9 (RLIN) 186627
852 ## - Местоположение
Форматна сигнатура Цб 300735
Фондова буква Хранилище
999 ## - СИСТЕМНИ КОНТРОЛНИ НОМЕРА
Koha biblionumber 388991
Koha biblioitemnumber 388991
942 ## - АРТИКУЛИ
Вид на библиотечния материал Графични издания
Скрит в OPAC Не
Източник на класификационната схема Universal Decimal Classification
Периодичен библиозапис Да
944 ## - СЪЗДАВАНЕ И РЕДАКЦИЯ на ЗАПИСА
Създаване/Редакция Създаване
Дата на регистрацията/редакция 2020-09-28
Служител, извършил регистрацията/редакцията гц
Наличности
Код за отписване Код за изгубен артикул Източник на класификационната схема Код за повреда Коз за рестрикции Код за отдаване Артикулен № Име на библиотеката - собственик Име на библиотеката, в която се намира в момента Статус (Текущо местоположение) Дата на вписване в системата Местоположение - отдел Цена в лева Инвентарен номер Систематично азбучна сигнатура Баркод Цена в евро Служебен тип на артикула
  Не е изгубен Universal Decimal Classification Не е повреден само за читалня ползва се в читалня 801897 Регионална библиотека "Любен Каравелов" Русе Регионална библиотека "Любен Каравелов" Русе Хранилище 2020-09-30 Основен фонд - ползва се само за читалня 0.45 6947/58 Цб 300735 900000021674 0.23 Графични издания
Vip Innovations Ltd, Rousse, Bulgaria 2025